000 02996nam0a2200457 4500
001 RU\NLR\BIBL_A\012559605
005 20210910151638.0
010 _a978-5-7017-3256-6
_9500
021 _aRU
_bКН-П-21-014959
_9КН-П-21-1186
035 _a(NLR Aleph) 012559605
090 _a12456611
_c12456611
100 _a20210707d2021 k y0rusy50 ca
101 0 _arus
_deng
102 _aRU
105 _aab||z|||100zy
181 0 _ai
_baxxe
182 0 _an
200 1 _aАктуальные проблемы биологической и химической экологии
_eматериалы VII Международной научно-практической конференции (г. Москва, 18-19 февраля 2021 г.)
_fМинистерство образования Московской области, Государственное образовательное учреждение высшего образования Московской области Московский государственный областной университет [и др.]
_gответственный редактор: Д.Б. Петренко - кандидат химических наук, доцент
203 _aТекст
_bвизуальный
_cнепосредственный
210 _aМосква
_cИнформационно-издательское управление МГОУ
_d2021
215 _a648, [2] с.
_cил., карт., табл.
_d21
225 1 _aЕстественные науки
300 _aРез. англ.
320 _aБиблиогр. в конце ст.
606 1 _aБиотехнология
_jСъезды, совещания и т.п
_xЭкологические основы
_92284726
_3RU\NLR\AUTH\661368644
606 1 _aЭкология
_jСъезды, совещания и т.п
_9939347
_3RU\NLR\AUTH\6628592
606 1 _aЕстественно-научное образование
_jСъезды, совещания и т.п
_92549924
_3RU\NLR\auth\661508963
606 1 _aОкружающая среда
_jСъезды, совещания и т.п
_xОхрана
_xХимические исследования
_92263883
_3RU\NLR\AUTH\661357211
686 1 _aЕ081.2я431(0)
686 1 _aЕ081я431(0)
686 1 _aЧ458.1я431
686 1 _aН932я431(0)
686 1 _aЛ67я431(0)
702 1 _aПетренко
_bД. Б.
_4340
711 1 2 _a"Актуальные проблемы биологической и химической экологии", международная научно-практическая конференция
_d7
_eМосква
_f2021
_9758496
_3RU\NLR\AUTH\880546764
712 0 2 _4475
_aМосковский государственный областной университет
_9584469
_3RU\NLR\AUTH\8810042517
942 _cBOOK
980 _aNB